Statistiken für Monde zu Planeten - Klick Quiz

Klicken Sie hier um das Quiz zu spielen!

Allgemein

  • Dieses Quiz wurde 272 mal gespielt
  • Das Durchschnittsergebnis liegt bei 9 aus 22

Antwortstatistiken

HintAntwort% Korrekt
Mond1. Erde
82%
Io3. Jupiter
67%
Europa3. Jupiter
66%
Ganymed3. Jupiter
62%
Kallisto3. Jupiter
56%
Phobos2. Mars
48%
Deimos2. Mars
48%
Enceladus4. Saturn
46%
Titan4. Saturn
45%
Oberon5. Uranus
33%
Triton6. Neptun
33%
Rhea4. Saturn
31%
Ariel5. Uranus
31%
Dione4. Saturn
30%
Iapetus4. Saturn
29%
Phoebe4. Saturn
29%
Himalia3. Jupiter
27%
Amalthea3. Jupiter
26%
Miranda5. Uranus
25%
Titania5. Uranus
24%
Nereid6. Neptun
21%
Proteus6. Neptun
18%

Verteilung der Resultate

Perzentil nach korrekt beantworteten Fragen

Anzahl Personen mit jedem Resultat

Ihre Resultats-Entwicklung

Sie haben dieses Quiz noch nicht gespielt